GARIS PANDUAN KOPERASI SEKOLAH (Record no. 195737)

MARC details
000 -LEADER
fixed length control field 00878nam a2200253 i 4500
003 - CONTROL NUMBER IDENTIFIER
control field OSt
005 - DATE AND TIME OF LATEST TRANSACTION
control field 20240502151045.0
008 - FIXED-LENGTH DATA ELEMENTS--GENERAL INFORMATION
fixed length control field 081023t20132015my ao f f 000 0 may d
020 ## - INTERNATIONAL STANDARD BOOK NUMBER
International Standard Book Number 97898332160903
Terms of availability RM10.00
Qualifying information paperback
040 ## - CATALOGING SOURCE
Original cataloging agency PPAK
Language of cataloging eng
Transcribing agency PPAK
Description conventions rda
082 04 - DEWEY DECIMAL CLASSIFICATION NUMBER
Edition number 23
Classification number 334.509595
090 00 - LOCALLY ASSIGNED LC-TYPE CALL NUMBER (OCLC); LOCAL CALL NUMBER (RLIN)
Classification number (OCLC) (R) ; Classification number, CALL (RLIN) (NR) 334.509595
Feature heading GAR
Feature heading KWS
245 00 - TITLE STATEMENT
Title GARIS PANDUAN KOPERASI SEKOLAH
264 #1 - PRODUCTION, PUBLICATION, DISTRIBUTION, MANUFACTURE, AND COPYRIGHT NOTICE
Place of production, publication, distribution, manufacture Petaling Jaya :
Name of producer, publisher, distributor, manufacturer Angkatan Koperasi Kebangsaan Malaysia,
Date of production, publication, distribution, manufacture, or copyright notice 2015
Date of production, publication, distribution, manufacture, or copyright notice ©2013
300 ## - PHYSICAL DESCRIPTION
Extent 30 pages :
Other physical details colour photographs ;
Dimensions 21 cm
336 ## - CONTENT TYPE
Content type term text
Source rdacontent
337 ## - MEDIA TYPE
Media type term unmediated
Source rdamedia
338 ## - CARRIER TYPE
Carrier type term volume
Source rdacarrier
650 10 - SUBJECT ADDED ENTRY--TOPICAL TERM
Topical term or geographic name entry element Student cooperatives
Geographic subdivision Malaysia
Form subdivision Management
Topical term or geographic name entry element Consumer cooperatives
Geographic subdivision Malaysia
Form subdivision Management
710 2# - ADDED ENTRY--CORPORATE NAME
Corporate name or jurisdiction name as entry element Angkatan Koperasi Kebangsaan Malaysia Berhad (ANGKASA),
Relator term issuing body.
942 ## - ADDED ENTRY ELEMENTS (KOHA)
Source of classification or shelving scheme Dewey Decimal Classification
Koha item type Book
Holdings
Withdrawn Not for loan Current library Shelving location Date acquired Total Checkouts Full call number Barcode Date last seen Koha item type
  Not For Loan Perpustakaan Alor Setar Koleksi Wan Shamsudin 05/05/2024   KWS 334.509595 GAR KWS000978 05/05/2024 Book
  Not For Loan Perpustakaan Alor Setar Koleksi Wan Shamsudin 05/05/2024   KWS 334.509595 GAR KWS000979 05/05/2024 Book